| 000 | 00600nam a22001937a 4500 | ||
|---|---|---|---|
| 999 |
_c181459 _d181459 |
||
| 005 | 20210915103059.0 | ||
| 010 | _aUR-11231 | ||
| 020 |
_c150.00 _a9789390789382 |
||
| 035 | _aU-9786 | ||
| 037 | _bDBAD/PUB | ||
| 082 | _a841 | ||
| 100 | _aعا تکہ ما ہين | ||
| 245 |
_aر شا ش _cعا تکہ ما ہين |
||
| 246 |
_aRashash (Urdu) _bby Atika Maheen |
||
| 260 |
_aN.Delhi _c2021 ء _bEducational Publishing House |
||
| 270 |
_a3191, Vakil Street, Kucha Pandit Lal Kuan, _b Delhi _e110006 _l - |
||
| 300 |
_a107 ص _c22 Cm(Hb) |
||
| 942 |
_2ddc _cUR _h841 _mع ا ت |
||